Normal view
MARC view
- Horn, Delton T
Entry Personal Name
001 - CONTROL NUMBER
- control field: 103247
003 - CONTROL NUMBER IDENTIFIER
- control field: NUST
005 - DATE AND TIME OF LATEST TRANSACTION
- control field: 20221121110844.0
008 - FIXED-LENGTH DATA ELEMENTS
- fixed length control field: 221121|| aca||aabn | a|a d
040 ## - CATALOGING SOURCE
- Original cataloging agency: NUST
- Transcribing agency: NUST
100 ## - HEADING--PERSONAL NAME
- Personal name: Horn, Delton T
670 ## - SOURCE DATA FOUND
- Source citation: Work cat.: (NUST)181359: Horn, Delton T., Basic electricity and electronics /, c1993.
